<?xml version="1.0" encoding="UTF-8"?>
<collection xmlns="http://www.loc.gov/MARC21/slim">
 <record>
  <leader>05009nam a2200481 a 4500</leader>
  <controlfield tag="001">kal3301</controlfield>
  <controlfield tag="003">Gr-AtHEAL</controlfield>
  <controlfield tag="005">20160506104600.0</controlfield>
  <controlfield tag="006">m        d        </controlfield>
  <controlfield tag="008">160413s2015    gr      s           gre|c</controlfield>
  <datafield tag="020" ind1=" " ind2=" ">
   <subfield code="a">9789606033131</subfield>
  </datafield>
  <datafield tag="040" ind1=" " ind2=" ">
   <subfield code="a">GR-AtHEAL</subfield>
   <subfield code="b">gre</subfield>
   <subfield code="c">GR-AtHEAL</subfield>
  </datafield>
  <datafield tag="082" ind1="0" ind2="4">
   <subfield code="a">362.1</subfield>
   <subfield code="2">23</subfield>
  </datafield>
  <datafield tag="100" ind1="1" ind2=" ">
   <subfield code="a">Καλοκαιρινού, Αθηνά.</subfield>
   <subfield code="8">691</subfield>
  </datafield>
  <datafield tag="245" ind1="1" ind2="0">
   <subfield code="a">Εφαρμογές καλών παρακτικών ομάδας πρωτοβάθμιας φροντίδας υγείας</subfield>
   <subfield code="h">[Ηλεκτρονικός πόρος] </subfield>
   <subfield code="b">Ρόλοι, δραστηριότητες, δεξιότητες, μελών ομάδας πρωτοβάθμιας φροντίδας υγείας</subfield>
   <subfield code="c">Καλοκαιρινού, Αθηνά ; κ.α. ; Κριτικός αναγνώστης,Τσιλίδης, Κωνσταντίνος ; Τεχνική επιμέλεια,Χαντζής, Χρήστος ; Γλωσσική επιμέλεια,Αγγελοπούλου, Ιωάννα.</subfield>
  </datafield>
  <datafield tag="260" ind1=" " ind2=" ">
   <subfield code="a">Αθήνα :</subfield>
   <subfield code="b">Σύνδεσμος Ελληνικών Ακαδημαϊκών Βιβλιοθηκών,</subfield>
   <subfield code="c">c2015.</subfield>
  </datafield>
  <datafield tag="490" ind1=" " ind2=" ">
   <subfield code="a">Ακαδημαϊκά Ηλεκτρονικά Συγγράμματα και Βοηθήματα Κάλλιπος</subfield>
   <subfield code="8">40</subfield>
  </datafield>
  <datafield tag="520" ind1=" " ind2=" ">
   <subfield code="a">Στο βιβλίο αυτό θα γίνει αναφορά στις αρχές που διέπουν την ανάπτυξη και λειτουργία της ομάδας ΠΦΥ όπως η συνεργασία των επαγγελματιών υγείας στην ομάδα της ΠΦΥ είναι η ασθενο/χρηστο-κεντρική προσέγγιση, η παροχή ποιοτικής φροντίδας και υπηρεσιών, η επαρκής πρόσβαση στις υπηρεσίες, η εμπιστοσύνη και σεβασμός μεταξύ των επαγγελματιών και η αποτελεσματική επικοινωνία. Η σύνθεσή της έχει καθοριστική σημασία για την ικανοποίηση των αναγκών του πληθυσμού. Η λειτουργία της ομάδας, παρά τα θετικά αποτελέσματά της, συχνά υποθάλπεται από παράγοντες όπως η απουσία συγκεκριμένου σκοπού και στόχων, η απουσία προσδιορισμού και αναγνώρισης του ρόλου των μελών, η έλλειψη ειλικρινής σεβασμού στο ρόλο των άλλων επαγγελματιών και η απουσία επαρκούς χρόνου για ομαδική συνεργασία. Αναφορά θα γίνει επίσης στις απαραίτητες προϋποθέσεις για την αποτελεσματική λειτουργία της όπως η διεπιστημονική εκπαίδευση, η οργανωτική, λειτουργική και οικονομική υποστήριξη της και η αποτελεσματική ηγεσία.</subfield>
  </datafield>
  <datafield tag="650" ind1=" " ind2="0">
   <subfield code="a">Health planning</subfield>
   <subfield code="z">Greece.</subfield>
   <subfield code="8">2819</subfield>
  </datafield>
  <datafield tag="650" ind1=" " ind2="0">
   <subfield code="a">Primary health care.</subfield>
   <subfield code="8">2820</subfield>
  </datafield>
  <datafield tag="653" ind1=" " ind2=" ">
   <subfield code="a">Διεπιστημονική ομάδα υγείας</subfield>
  </datafield>
  <datafield tag="653" ind1=" " ind2=" ">
   <subfield code="a">Κοινοτική μαιευτική</subfield>
  </datafield>
  <datafield tag="653" ind1=" " ind2=" ">
   <subfield code="a">Κοινοτική νοσηλευτική</subfield>
  </datafield>
  <datafield tag="653" ind1=" " ind2=" ">
   <subfield code="a">Πρωτοβάθμια φροντίδα υγείας</subfield>
  </datafield>
  <datafield tag="653" ind1=" " ind2=" ">
   <subfield code="a">Επιστήμες υγείας</subfield>
   <subfield code="a">Ιατρική</subfield>
   <subfield code="a">Δημόσια υγεία</subfield>
   <subfield code="a">Προληπτική ιατρική</subfield>
  </datafield>
  <datafield tag="653" ind1=" " ind2=" ">
   <subfield code="a">Επιστήμες υγείας</subfield>
   <subfield code="a">Ιατρική</subfield>
   <subfield code="a">Δημόσια υγεία</subfield>
  </datafield>
  <datafield tag="700" ind1="1" ind2=" ">
   <subfield code="a">Μποδοσάκης, Πρόδρομος-Μερκούρης</subfield>
   <subfield code="e">Συγγραφέας</subfield>
   <subfield code="8">692</subfield>
  </datafield>
  <datafield tag="700" ind1="1" ind2=" ">
   <subfield code="a">Μαρκάκη, Άντα</subfield>
   <subfield code="e">Συγγραφέας</subfield>
   <subfield code="8">693</subfield>
  </datafield>
  <datafield tag="700" ind1="1" ind2=" ">
   <subfield code="a">Σακελλάρη, Ευανθία</subfield>
   <subfield code="e">Συγγραφέας</subfield>
   <subfield code="8">694</subfield>
  </datafield>
  <datafield tag="700" ind1="1" ind2=" ">
   <subfield code="a">Παπαδακάκη, Μαρία</subfield>
   <subfield code="e">Συγγραφέας</subfield>
   <subfield code="8">695</subfield>
  </datafield>
  <datafield tag="700" ind1="1" ind2=" ">
   <subfield code="a">Λιονής, Χρήστος</subfield>
   <subfield code="e">Συγγραφέας</subfield>
   <subfield code="8">696</subfield>
  </datafield>
  <datafield tag="700" ind1="1" ind2=" ">
   <subfield code="a">Λάγιου, Αρετή</subfield>
   <subfield code="e">Συγγραφέας</subfield>
   <subfield code="8">706</subfield>
  </datafield>
  <datafield tag="700" ind1="1" ind2=" ">
   <subfield code="a">Κριεμπάρδης, Αναστάσιος</subfield>
   <subfield code="e">Συγγραφέας</subfield>
   <subfield code="8">707</subfield>
  </datafield>
  <datafield tag="700" ind1="1" ind2=" ">
   <subfield code="a">Καπρέλη, Ελένη</subfield>
   <subfield code="e">Συγγραφέας</subfield>
   <subfield code="8">708</subfield>
  </datafield>
  <datafield tag="700" ind1="1" ind2=" ">
   <subfield code="a">Βιβιλάκη, Βικτωρία</subfield>
   <subfield code="e">Συγγραφέας</subfield>
   <subfield code="8">709</subfield>
  </datafield>
  <datafield tag="700" ind1="1" ind2=" ">
   <subfield code="a">Βελονάκη, Βενετία-Σοφία</subfield>
   <subfield code="e">Συγγραφέας</subfield>
   <subfield code="8">710</subfield>
  </datafield>
  <datafield tag="700" ind1="1" ind2=" ">
   <subfield code="a">Αδαμακίδου, Θεοδούλα</subfield>
   <subfield code="e">Συγγραφέας</subfield>
   <subfield code="8">711</subfield>
  </datafield>
  <datafield tag="700" ind1="1" ind2=" ">
   <subfield code="a">Τσιλίδης, Κωνσταντίνος</subfield>
   <subfield code="e">Κριτικός αναγνώστης</subfield>
   <subfield code="8">712</subfield>
  </datafield>
  <datafield tag="856" ind1="4" ind2="0">
   <subfield code="u">http://hdl.handle.net/11419/3301</subfield>
   <subfield code="z">Πλήρες Κείμενο - Full text</subfield>
  </datafield>
  <datafield tag="907" ind1=" " ind2=" ">
   <subfield code="a">.b25680304</subfield>
   <subfield code="b">12-06-18</subfield>
   <subfield code="c">29-07-16</subfield>
  </datafield>
  <datafield tag="949" ind1=" " ind2=" ">
   <subfield code="0">0</subfield>
   <subfield code="1">0</subfield>
   <subfield code="2">ddc</subfield>
   <subfield code="4">0</subfield>
   <subfield code="6">362_100000000000000_ΚΑΛ</subfield>
   <subfield code="7">0</subfield>
   <subfield code="8">KALL</subfield>
   <subfield code="8">789</subfield>
   <subfield code="d">2016-04-13</subfield>
   <subfield code="r">2016-04-13</subfield>
   <subfield code="w">2016-04-13</subfield>
   <subfield code="z">362.1 ΚΑΛ</subfield>
   <subfield code="o">SEAB KALLIPOS</subfield>
  </datafield>
  <datafield tag="998" ind1=" " ind2=" ">
   <subfield code="a">80</subfield>
   <subfield code="a">01</subfield>
   <subfield code="a">02</subfield>
   <subfield code="a">03</subfield>
   <subfield code="a">04</subfield>
   <subfield code="a">05</subfield>
   <subfield code="a">06</subfield>
   <subfield code="a">07</subfield>
   <subfield code="a">08</subfield>
   <subfield code="a">09</subfield>
   <subfield code="a">10</subfield>
   <subfield code="a">11</subfield>
   <subfield code="a">12</subfield>
   <subfield code="a">13</subfield>
   <subfield code="a">14</subfield>
   <subfield code="a">15</subfield>
   <subfield code="a">16</subfield>
   <subfield code="a">17</subfield>
   <subfield code="a">18</subfield>
   <subfield code="a">19</subfield>
   <subfield code="a">20</subfield>
   <subfield code="a">21</subfield>
   <subfield code="a">22</subfield>
   <subfield code="a">23</subfield>
   <subfield code="a">24</subfield>
   <subfield code="a">25</subfield>
   <subfield code="a">26</subfield>
   <subfield code="b">16-05-17</subfield>
   <subfield code="c">m</subfield>
   <subfield code="d">z  </subfield>
   <subfield code="e">-</subfield>
   <subfield code="f">gre</subfield>
   <subfield code="g">gr </subfield>
   <subfield code="h">0</subfield>
  </datafield>
  <datafield tag="942" ind1=" " ind2=" ">
   <subfield code="2">ddc</subfield>
   <subfield code="c">KALLIPOS</subfield>
  </datafield>
 </record>
</collection>
